Ultimate Genshin Impact Quiz 📱 - Statistics

General Stats
  • This quiz has been taken 1,011 times
  • The average score is 5 of 10
Answer Stats
Hint Answer % Correct
How many elements are there in the game? 7
99%
Where does sayu live? Inazuma
93%
Where is Genshin Impact set? Teyvat
91%
What is the name of Fischl’s night raven partner? Oz
78%
What city sits on a island? Mondstadt
68%
Diluc is one of the wealthiest characters, but where do they live? Mondstadt
68%
What is Lisa’s favourite pastime? Sleeping
15%
What is Jeans job? Acting Grand Master of the Knights
11%
What is Sumeru famous for? The academy
8%
What is Raiden Shogun’s power? Lightning control
1%
No matching quizzes found
Score Distribution
Percent of People with Each Score
Percentile by Number Answered
Your Score History
You have not taken this quiz